Guess all Champions League finals by image - Statistics

General Stats
  • This quiz has been taken 40 times
    19 since last reset
  • The average score is 41 of 69
Answer Stats
Picture Answer % Correct
2004/05 - Liverpool v AC Milan
88%
2020/21 - Chelsea v Manchester City
88%
2021/22 - Real Madrid v Liverpool
88%
2022/23 - Manchester City v Inter Milan
88%
1995/96 - Juventus v Ajax
81%
2003/04 - Porto v Monaco
81%
2005/06 - Barcelona v Arsenal
81%
2006/07 - AC Milan v Liverpool
81%
2008/09 - Barcelona v Manchester United
81%
2009/10 - Inter Milan v Bayern Munich
81%
2010/11 - Barcelona v Manchester United
81%
2011/12 - Chelsea v Bayern Munich
81%
2012/13 - Bayern Munich v Borussia Dortmund
81%
2013/14 Real Madrid v Atlético Madrid
81%
2014/15 - Barcelona v Juventus
81%
2015/16 - Real Madrid v Atlético Madrid
81%
2016/17 - Real Madrid v Juventus
81%
2017/18 - Real Madrid v Liverpool
81%
2018/19 - Liverpool v Tottenham
81%
2019/20 - Bayern Munich v Paris Saint-Germain
81%
1997/98 - Real Madrid v Juventus
75%
1998/99 - Manchester United v Bayern Munich
75%
2001/02 - Real Madrid v Bayer Leverkusen
75%
2002/03 - AC Milan v Juventus
75%
2007/08 - Manchester United v Chelsea
75%
1994/95 - Ajax v AC Milan
69%
1996/97 - Borussia Dortmund v Juventus
69%
1999/00 - Real Madrid v Valencia
69%
2000/01 - Bayern Munich v Valencia
69%
1955/56 - Real Madrid v Stade Reims
63%
1991/92 - Barcelona v Sampdoria
63%
1992/93 - Marseille v AC Milan
63%
1993/94 - AC Milan v Barcelona
63%
1961/62 - Benfica v Real Madrid
56%
1989/90 - AC Milan v Benfica
56%
1956/57 - Real Madrid v Fiorentina
50%
1957/58 - Real Madrid v AC Milan
50%
1962/63 - AC Milan v Benfica
50%
1970/71 - Ajax v Panathinaikos
50%
1971/72 - Ajax v Inter Milan
50%
1982/83 - Hamburger v Juventus
50%
1984/85 - Juventus v Liverpool
50%
1986/87 - Porto v Bayern Munich
50%
1988/89 - AC Milan v Steaua Bucharest
50%
1963/64 - Inter Milan v Real Madrid
44%
1964/65 - Inter Milan v Benfica
44%
1966/67 - Celtic v Inter Milan
44%
1967/68 - Manchester United v Benfica
44%
1968/69 - AC Milan v Ajax
44%
1969/70 - Feyenoord v Celtic
44%
1972/73 - Ajax v Juventus
44%
1973/74 - Bayern Munich v Atlético Madrid
44%
1979/80 - Nottingham Forest v Hamburger
44%
1983/84 - Liverpool v Roma
44%
1987/88 - PSV v Benfica
44%
1990/91 - Red Star v Marseille
44%
1958/59 - Real Madrid v Stade Reims
38%
1960/61 - Benfica v Barcelona
38%
1965/66 - Real Madrid v Partizan
38%
1976/77 - Liverpool v Borussia Mönchengladbach
38%
1981/82 - Aston Villa v Bayern Munich
38%
1959/60 - Real Madrid v Eintracht Frankfurt
31%
1975/76 - Bayern Munich v Saint Etienne
31%
1985/86 - Steaua Bucarest v Barcelona
31%
2023/24 - Real Madrid v Borussia Dortmund
31%
1974/75 - Bayern Munich v Leeds United
25%
1977/78 - Liverpool v Club Brugge
25%
1978/79 - Nottingham Forest v Malmo
25%
1980/81 - Liverpool v Real Madrid
25%
No matching quizzes found
Score Distribution
Percent of People with Each Score
Percentile by Number Answered
Your Score History
You have not taken this quiz since the last reset